000 00327nam a2200133 a 4500
005 20140513081053.0
008 060814s19uu xx 00 eng d
050 _aKit
_bSOU Chart
245 _aSounds Spelling Cards.
260 _aColumbus, Ohio :
_bMc Grawhill.
440 _aSRA
650 _aLetter Sounds
999 _c116410
_d116410